00670nam a2200157 a 450000100100000000500170001000800410002704000250006808200270009324500470012026000350016730000270020271000630022995202030029299900170049500004641720201002052844.0150811s1991 dr a 000 0 spa d aDO-SdBNPbspacBNPHU axxxxxxxxxxbxxxxxxxxxx00aMujer, crisis, violencia y vida cotidiana. aSanto Domingo :bCIPAF,c1991. a40 p. :bil. ;c22 cm.1 aCentro de investigación para la acción femenina952431 0010718PDaPDbPDcHDd2015-08-11iLF1l0oxxxxxxxxxx xxxxxxxxxxp46417-10r2020-06-25w2020-06-25yLFPDzPerteneció a la biblioteca personal de Chiqui Vicioso / Fidelio Despradel.ZNo se presta c45906d45906